| 000 | 00924nam a22002417a 4500 | ||
|---|---|---|---|
| 999 |
_c6914 _d6914 |
||
| 003 | AR-CdUCM | ||
| 008 | 190319b ||||| |||| 00| 0 spa d | ||
| 040 |
_aMUNICIPALIDAD PROVINCIAL DEL CUSCO _cBIBLIOTECA MUNICIPAL DEL CUSCO |
||
| 041 | _hfre | ||
| 082 |
_a659 / _bV48 |
||
| 100 |
_aVerdier H. _919485 |
||
| 245 | _aLas relaciones publicas / | ||
| 260 |
_aEspaña : _bImprenta Salva, _c1959. |
||
| 300 |
_a329 paginas ; _bIlustraciones, _c22 cm. |
||
| 500 | _aTitulo original : Les relations publiques | ||
| 505 | _a¿Que son las relaciones publicas -- Base doctrinal de las relaciones publicas -- Las relaciones publicas y la información -- Las relaciones publicas y la publicidad -- Los públicos... | ||
| 650 |
_aRelaciones publicas _919486 |
||
| 650 |
_aMedios de informacion _919487 |
||
| 650 |
_aPrensa _919488 |
||
| 700 |
_aGarcia Burgos, Amparo (Traductor) _919489 |
||
| 942 |
_2ddc _cLIBROS |
||
| 945 | _awnts | ||